000 00484nmm a2200169Ia 4500
008 251105s9999||||xx |||||||||||||||||und||
020 _a9789560006691
041 _aspa
100 _aGravano, Ariel
245 0 _aAntropologĂ­a de lo urbano
264 _a[Santiago de Chile, Chile] :
_bLOM Ediciones,
_c2016
300 _a296 páginas
490 _aCiencias Sociales y Humanas
650 _aAnthropology
856 _uhttps://public.digitaliapublishing.com/a/41630
942 _cCF
999 _c93543
_d93543